The dean and deluca : (Record no. 4140)

MARC details
000 -LEADER
fixed length control field 00702nam a22002297a 4500
003 - CONTROL NUMBER IDENTIFIER
control field OSt
005 - DATE AND TIME OF LATEST TRANSACTION
control field 20250822020118.0
008 - FIXED-LENGTH DATA ELEMENTS--GENERAL INFORMATION
fixed length control field 250822b |||||||| |||| 00| 0 eng d
020 ## - INTERNATIONAL STANDARD BOOK NUMBER
International Standard Book Number 0-679-43463-1
040 ## - CATALOGING SOURCE
Original cataloging agency DWC-Main Lib
Transcribing agency OC
082 ## - DEWEY DECIMAL CLASSIFICATION NUMBER
Classification number Circ. 641.5 R813d 1966
100 ## - MAIN ENTRY--PERSONAL NAME
Personal name Rosengarten, David
245 ## - TITLE STATEMENT
Title The dean and deluca :
Remainder of title cookbook/
Statement of responsibility, etc. David Rosengarten [and two others]
260 ## - PUBLICATION, DISTRIBUTION, ETC.
Place of publication, distribution, etc. New York:
Name of publisher, distributor, etc. Random House Inc.,
Date of publication, distribution, etc. c1966.
300 ## - PHYSICAL DESCRIPTION
Extent xi, 539 pages :
Other physical details illustrations ;
Dimensions 26cm.
504 ## - BIBLIOGRAPHY, ETC. NOTE
Bibliography, etc. note Includes index.
650 ## - SUBJECT ADDED ENTRY--TOPICAL TERM
Topical term or geographic name entry element 1. Cuisine International.
650 ## - SUBJECT ADDED ENTRY--TOPICAL TERM
Topical term or geographic name entry element 2. International Cooking
700 ## - ADDED ENTRY--PERSONAL NAME
Personal name Dean, Joel
700 ## - ADDED ENTRY--PERSONAL NAME
Personal name Deluca, Giorgio
942 ## - ADDED ENTRY ELEMENTS (KOHA)
Source of classification or shelving scheme Dewey Decimal Classification
Koha item type Book Circulation
Call number prefix Circ.
Suppress in OPAC No
952 ## - LOCATION AND ITEM INFORMATION (KOHA)
--
Holdings
Withdrawn status Lost status Source of classification or shelving scheme Damaged status Not for loan Home library Current library Shelving location Date acquired Source of acquisition Total Checkouts Full call number Barcode Date last seen Copy number Price effective from Koha item type Uniform Resource Identifier
    Dewey Decimal Classification     HM & Nursing Library HM & Nursing Library Circulation 08/31/2023 Donation   Circ. 641.5 R813d 1966 HNL53863 08/22/2025 c1 08/22/2025 BK-CIRC